000 01927nam a22003737a 4500
001 100223
003 KnowledgeUnlatched
005 20210303105358.0
006 m o d
007 cr u||||||||||
008 210129p20122017gw o u00| u eng d
035 _a(OCoLC)794379526
037 _5BiblioBoard
245 0 0 _aKant's Philosophy of the Unconscious
_cPiero Giordanetti, Riccardo Pozzo.
020 _a9783110265408
029 1 _ahttps://library.biblioboard.com/ext/api/media/39f8292d-4cbd-43d7-b1a9-4a296f6a5157/assets/thumbnail.jpg
040 _aScCtBLL
_cScCtBLL
506 0 _aAccess copy available to the general public.
_fUnrestricted
_2star
700 1 _aGiordanetti, Piero
_eeditor.
700 1 _aPozzo, Riccardo
_eeditor.
264 1 _bDe Gruyter,
300 _a1 online resource (335 p.)
520 _aIn the 20th century, the role of the unconscious in Kant`s philosophy has been in great part neglected by Kant scholars. Nevertheless, the unconscious, the other of consciousness, is a key problem of the critical philosophy. The purpose of the volume is to fill a substantial gap in Kant research and to offer a complete survey of the topic in different areas of research, such as history of philosophy, philosophy of mind, aesthetics, moral philosophy, and anthropology.
588 0 _aDescription based on print version record.
590 _aKU Select 2016 Backlist Collection
650 7 _aPhilosophy
_2bisacsh
650 0 _aPhilosophy
655 0 _aElectronic books.
758 _iIs found in:
_aKnowledge Unlatched
_1https://openresearchlibrary.org/module/2774bc74-146a-484f-a7ba-ab1d6a09bbfb
856 4 0 _uhttps://openresearchlibrary.org/content/39f8292d-4cbd-43d7-b1a9-4a296f6a5157
_zView this content on Open Research Library.
_70
999 _c34263
_d34263